| 000 | 01819cam a2200349 a 4500 | ||
|---|---|---|---|
| 999 |
_c24613 _d24613 |
||
| 001 | 14505284 | ||
| 005 | 20170130081437.0 | ||
| 008 | 060818s2007 vtua b 001 0 eng | ||
| 010 | _a 2006027438 | ||
| 020 | _a9781594771323 (pbk.) | ||
| 020 | _a1594771324 (pbk.) | ||
| 035 | _a(OCoLC)ocm71173725 | ||
| 035 | _a(OCoLC)71173725 | ||
| 042 | _alcac | ||
| 050 | 0 | 0 | _aNA680 .B24 2007 |
| 100 | 1 |
_aBangs, Herbert, _d1927- |
|
| 245 | 1 | 4 |
_aThe return of sacred architecture : _bthe golden ratio and the end of modernism / _cHerbert Bangs. |
| 260 |
_aRochester, Vt. : _bInner Traditions, _cc2007. |
||
| 300 |
_axv, 224 p. : _bill. ; _c26 cm. |
||
| 504 | _aIncludes bibliographical references (p. 214-217) and index. | ||
| 520 | _a"An inspirational call for a return to the tenets of traditional architecture as a remedy for the dehumanizing standards of modern architecture"--Provided by publisher. | ||
| 650 | 0 |
_aArchitecture, Modern _y20th century _xPhilosophy. |
|
| 856 | 4 | 1 |
_3Table of contents only _uhttp://www.loc.gov/catdir/toc/ecip0619/2006027438.html |
| 856 | 4 | 2 |
_3Contributor biographical information _uhttp://www.loc.gov/catdir/enhancements/fy0665/2006027438-b.html |
| 856 | 4 | 2 |
_3Publisher description _uhttp://www.loc.gov/catdir/enhancements/fy0665/2006027438-d.html |
| 856 | 4 | 1 |
_3Sample text _uhttp://www.loc.gov/catdir/enhancements/fy0665/2006027438-s.html |
| 942 |
_2lcc _cBOOKS |
||